=LDR 00000nam 2200000 4500 =001 INLIS000000000026895 =005 20130612125319 =008 ***********************************Ind** =035 ##$$0010-061300000026895 =041 ##$$a Ind =082 ##$$a 2x9 =090 ##$$a 2x9, Alf r =100 ##$$a Al-Fauzan =245 ##$$a Ringkasan fikih lengkap, penulis Shalib Bin Fauzan Bin Abdullah Al-Fauzan ; penerjemah, Asmuni =260 ##$$a 2005 $b Jakarta =300 ##$$a xxiii, 1198 hlm, 21 cm =650 ##$$a Hukum Islam =850 ##$$a NBPNMAT